000 00857nam a22002295i 4500
001 156131
003 ES-MaACL
005 20250805062612.0
008 020927s1894 fr |||| | fre d
040 _aCCPB | B
_bspa
_cCCPB | B
100 1 _aIzoulet, Jean.
_9128220
245 1 3 _aLa cité moderne et la métaphysique de la sociologie /
_cpar Jean Izoulet.
260 _aParis :
_bFélix Alcan, Ancienne Librairie Germer Baillère et C\pie\s,
_c1894 (
_eCorbeil :
_fImprimerie Crété)
300 _aIX, 691 p. ;
_c23 cm.
490 1 _aBibliothèque de la philosophie contemporaine
650 7 _aSociología
_2embne
_917195
752 _aFrancia -
_dParís
752 _aFrancia -
_dCorbeil
830 0 _aBibliothèque de la philosophie contemporaine
_9188403
852 _aES-MaACL
_jB-6609
_z-- Enc. pasta española
999 _c156131
_d156131